000
00252nam a2200097Ia 4500
082
_a
EKF BURG
245
0
_a
Little Duck on the moon
100
_a
BURGESS, Mark [London], 2003
_9
93807
942
_c
BK
008
210817s9999 xx 000 0 und d
999
_c
383545
_d
383544